Efecto de la humedad relativa, temperatura, presión y humedad ejercida por el detergente sobre el fenómeno de aglomeración
Αποθηκεύτηκε σε:
| Κύριος συγγραφέας: | |
|---|---|
| Μορφή: | Βιβλίο |
| Έκδοση: |
[San José, Costa Rica]
2009
|
| Θέματα: | |
| Ετικέτες: |
Προσθήκη ετικέτας
Δεν υπάρχουν, Καταχωρήστε ετικέτα πρώτοι!
|
MARC
| LEADER | 00000nam a2200000Ia 4500 | ||
|---|---|---|---|
| 003 | 001521 | ||
| 005 | 20221231144042.0 | ||
| 008 | 140114s2009 cr a 000 ||s d | ||
| 040 | |c cru CEDI | ||
| 090 | |a TFG 6036 | ||
| 100 | |a Ugalde Zamora, Laura |9 3405 | ||
| 245 | |a Efecto de la humedad relativa, temperatura, presión y humedad ejercida por el detergente sobre el fenómeno de aglomeración | ||
| 260 | |c 2009 |b [San José, Costa Rica] | ||
| 500 | |a Tesis (licenciatura en ingeniería química)--Universidad de Costa Rica. Facultad de Ingeniería. Escuela de Ingeniería Química | ||
| 650 | |x DETERGENTES |x AGLOMERACION |x BENTONITA |x SILICATOS |9 3406 | ||
| 942 | |c TFG | ||
| 999 | |c 16192 |d 16192 | ||
